<?xml version="1.0" encoding="UTF-8"?><?xml-stylesheet type="text/xsl" href="static/style.xsl"?><OAI-PMH xmlns="http://www.openarchives.org/OAI/2.0/" xmlns:xsi="http://www.w3.org/2001/XMLSchema-instance" xsi:schemaLocation="http://www.openarchives.org/OAI/2.0/ http://www.openarchives.org/OAI/2.0/OAI-PMH.xsd"><responseDate>2026-06-01T19:53:54Z</responseDate><request verb="GetRecord" identifier="oai:riuma.uma.es:10630/35130" metadataPrefix="marc">https://riuma.uma.es/rest/oai/request</request><GetRecord><record><header><identifier>oai:riuma.uma.es:10630/35130</identifier><datestamp>2026-02-03T11:28:32Z</datestamp><setSpec>com_10630_2254</setSpec><setSpec>col_10630_37953</setSpec></header><metadata><record xmlns="http://www.loc.gov/MARC21/slim" xmlns:dcterms="http://purl.org/dc/terms/" xmlns:doc="http://www.lyncode.com/xoai" xmlns:xsi="http://www.w3.org/2001/XMLSchema-instance" xsi:schemaLocation="http://www.loc.gov/MARC21/slim http://www.loc.gov/standards/marcxml/schema/MARC21slim.xsd">
   <leader>00925njm 22002777a 4500</leader>
   <datafield ind2=" " ind1=" " tag="042">
      <subfield code="a">dc</subfield>
   </datafield>
   <datafield ind2=" " ind1=" " tag="720">
      <subfield code="a">González Rubino, Jesús Baltasar</subfield>
      <subfield code="e">author</subfield>
   </datafield>
   <datafield ind2=" " ind1=" " tag="720">
      <subfield code="a">Viñolo-Gil, Maria Jesús</subfield>
      <subfield code="e">author</subfield>
   </datafield>
   <datafield ind2=" " ind1=" " tag="720">
      <subfield code="a">Martín-Valero, Rocío</subfield>
      <subfield code="e">author</subfield>
   </datafield>
   <datafield ind2=" " ind1=" " tag="260">
      <subfield code="c">2023</subfield>
   </datafield>
   <datafield ind2=" " ind1=" " tag="520">
      <subfield code="a">The axillary web syndrome (AWS) is a surgical breast cancer sequel that limits the functionality of the patient and delays the protocol times of application of cancer treatments. This implies a long period of discomfort and limitations for the user.&#xd;
Objective To investigate the different physiotherapy treatments for the AWS and how effective they are.&#xd;
Methods A systematic review based on PRISMA protocol and registered in PROSPERO(CRD42021281354)was conducted. The research was performed using PubMed, Scopus, CINAHL, PEDro, and Web of Science databases during January 2022 and March 2022. All randomized controlled trials and controlled clinical trials were included in this review.&#xd;
Results A total of 188 articles were identified, with 9 studies selected for the systematic review. These studies basically propose treatments based on exercises and stretching, manual therapy, and the combination of manual therapy and exercises. Conclusions Exercise and stretching are the most effective therapies within the field of physiotherapy for the rehabilitation of axillary web syndrome. They restore range of motion faster, reduce pain, improve quality of life, and reduce disabilities. Manual therapy, scar massage, and myofascial release could help improve outcomes but with worse results. The meta-analysis conclusion is that pain is the only outcome with a significant reduction after the application of physiotherapy treatments − 0.82 [− 1.67; 0.03]. This conclusion is drawn from the only three studies with small sample sizes.</subfield>
   </datafield>
   <datafield ind1="8" ind2=" " tag="024">
      <subfield code="a">González-Rubino, J. B., Vinolo-Gil, M. J., &amp; Martín-Valero, R. (2023). Effectiveness of physical therapy in axillary web syndrome after breast cancer: a systematic review and meta-analysis. Supportive care in cancer : official journal of the Multinational Association of Supportive Care in Cancer, 31(5), 257. https://doi.org/10.1007/s00520-023-07666-x</subfield>
   </datafield>
   <datafield ind1="8" ind2=" " tag="024">
      <subfield code="a">https://hdl.handle.net/10630/35130</subfield>
   </datafield>
   <datafield ind1="8" ind2=" " tag="024">
      <subfield code="a">10.1007/s00520-023-07666-x</subfield>
   </datafield>
   <datafield ind1="8" ind2=" " tag="024">
      <subfield code="a">10.1007/s00520-024-08993-3</subfield>
   </datafield>
   <datafield tag="653" ind2=" " ind1=" ">
      <subfield code="a">Mamas - Cáncer - Ejercicios terapéuticos</subfield>
   </datafield>
   <datafield ind2="0" ind1="0" tag="245">
      <subfield code="a">Effectiveness of physical therapy in axillary web syndrome after breast cancer: a systematic review and meta-analysis.</subfield>
   </datafield>
</record>
</metadata></record></GetRecord></OAI-PMH>